LDR 01179naa#a2200229#i#450# 001 RU\\bibl\121487 005 20260429050304.3 011 ## _a1994-4683 100 ## _a20230531b2023####ek#y0rusy0150####ca 102 ## _aRU 200 1# _aРАЗВИТИЕ ФИЗИЧЕСКИХ СПОСОБНОСТЕЙ БИАТЛОНИСТОВ МОСКОВСКОГО ГОСУДАРСТВЕННОГО ТЕХНИЧЕСКОГО УНИВЕРСИТЕТА ИМЕНИ Н. Э. БАУМАНА ПРИ ПОМОЩИ УПРАЖНЕНИЙ ИЗ СПОРТИВНЫХ ЕДИНОБОРСТВ _eЖурнальная статья 210 1# _aМосква _cНациональный государственный Университет физической культуры, спорта и здоровья им. П.Ф. Лесгафта _d2023 215 ## _a4 с. 608 ## _aЖурнальная статья _2local 675 ## _aБиатлон. 796.92.093.642 _z 700 #1 _aЯрхамов _gР М 700 #1 _aНагейкина _gС В 700 #1 _aСушко _gВ М 700 #1 _aСолдатенкова _gО А 700 #1 _aРокотянский _gВ А 700 #1 _aЩукина _gГ Х 856 4# _auchzapiski.lesgaft.spb.ru _u